[Event "HUN-chT U18"]
[Site "Zalakaros"]
[Date "2018.07.28"]
[Round "5.1"]
[White "Marosi, Levente"]
[Black "Buzas, Bertalan"]
[Result "1/2-1/2"]
[WhiteElo "2325"]
[BlackElo "2213"]
[PlyCount "41"]
[EventDate "2018.07.26"]
[EventType "team-swiss"]
[EventRounds "7"]
[EventCountry "HUN"]
[SourceTitle "CBM 185 Extra"]
[Source "ChessBase"]
[SourceDate "2018.07.29"]
[SourceVersion "1"]
[SourceVersionDate "2018.07.29"]
[SourceQuality "1"]
[WhiteTeam "Budapest MTK"]
[BlackTeam "Tapolca"]
[WhiteTeamCountry "HUN"]
[BlackTeamCountry "HUN"]

1. e4 c6 2. Nc3 d5 3. d4 dxe4 4. Nxe4 Nf6 5. Nxf6+ exf6 6. c3 Bd6 7. Bd3 0-0 8. Qc2 Re8+ 9. Ne2 h5 10. Be3 Nd7 11. 0-0-0 Nf8 12. Ng3 Be6 13. Kb1 g6 14. Ne4 Be7 15. h4 b5 16. f3 f5 17. Ng5 Bxg5 18. Bxg5 Qd5 19. b3 a5 20. Bh6 Kh7 21. Bxf8 1/2-1/2

[Event "HUN-chT U18"]
[Site "Zalakaros"]
[Date "2018.07.27"]
[Round "3.2"]
[White "Buzas, Bertalan"]
[Black "Borhy, Marcell Boldizsar"]
[Result "1-0"]
[WhiteElo "2213"]
[BlackElo "2234"]
[PlyCount "49"]
[EventDate "2018.07.26"]
[EventType "team-swiss"]
[EventRounds "7"]
[EventCountry "HUN"]
[SourceTitle "CBM 185 Extra"]
[Source "ChessBase"]
[SourceDate "2018.07.29"]
[SourceVersion "1"]
[SourceVersionDate "2018.07.29"]
[SourceQuality "1"]
[WhiteTeam "Tapolca"]
[BlackTeam "Haladas"]
[WhiteTeamCountry "HUN"]
[BlackTeamCountry "HUN"]

1. Nf3 d5 2. g3 Nf6 3. Bg2 c6 4. 0-0 Bg4 5. d4 e6 6. Nbd2 Be7 7. Re1 Nbd7 8. e4 0-0 9. c3 Bh5 10. Qb3 Qb6 11. exd5 cxd5 12. Nh4 Ne8 13. Nf5 Bf6 14. Ne3 g5 15. a4 Nd6 16. Qxb6 axb6 17. b3 Rfd8 18. Ba3 Nb8 19. Bxd5 Nb5 20. axb5 exd5 21. Nxd5 Bg7 22. Nxb6 Ra5 23. Be7 Rxa1 24. Rxa1 Re8 25. Bxg5 1-0

[Event "HUN-ch rapid"]
[Site "Ajka"]
[Date "2018.07.21"]
[Round "7"]
[White "Buzas, Bertalan"]
[Black "Egresi, Mate"]
[Result "0-1"]
[WhiteElo "2213"]
[BlackElo "2294"]
[PlyCount "74"]
[EventDate "2018.07.20"]
[EventType "swiss (rapid)"]
[EventRounds "13"]
[EventCountry "HUN"]
[SourceTitle "CBM 185 Extra"]
[Source "ChessBase"]
[SourceDate "2018.07.29"]
[SourceVersion "1"]
[SourceVersionDate "2018.07.29"]
[SourceQuality "1"]

1. d4 d5 2. c4 e6 3. Nf3 Nf6 4. g3 dxc4 5. Bg2 Nc6 6. 0-0 Rb8 7. e3 Bd7 8. Qe2 b5 9. b3 cxb3 10. axb3 Bb4 11. Bd2 Qe7 12. Rc1 0-0 13. Ne5 Nxe5 14. dxe5 Nd5 15. e4 Nb6 16. Rxc7 a5 17. Nc3 Rfc8 18. Rxc8+ Rxc8 19. Nd1 Bxd2 20. Qxd2 a4 21. bxa4 bxa4 22. Ne3 Qc5 23. Rb1 a3 24. Qa2 Ra8 25. h4 h6 26. Rb3 Bc6 27. h5 Kh7 28. Ng4 Nd7 29. Rf3 Qc1+ 30. Kh2 Qb2 31. Qc4 a2 32. Qxc6 a1Q 33. Qxd7 Qa7 34. Qd3 Rb8 35. Bh3 Qc1 36. Rf4 Rb1 37. Bg2 Qe7 0-1

[Event "HUN-ch rapid"]
[Site "Ajka"]
[Date "2018.07.21"]
[Round "8"]
[White "Horvath, Adam"]
[Black "Buzas, Bertalan"]
[Result "1-0"]
[WhiteElo "2481"]
[BlackElo "2213"]
[PlyCount "77"]
[EventDate "2018.07.20"]
[EventType "swiss (rapid)"]
[EventRounds "13"]
[EventCountry "HUN"]
[SourceTitle "CBM 185 Extra"]
[Source "ChessBase"]
[SourceDate "2018.07.29"]
[SourceVersion "1"]
[SourceVersionDate "2018.07.29"]
[SourceQuality "1"]

1. e4 c6 2. d4 d5 3. Nd2 dxe4 4. Nxe4 Nf6 5. Ng3 h5 6. h4 Bg4 7. f3 Bd7 8. Bc4 e6 9. Qe2 Be7 10. Bg5 a5 11. Nh3 Nd5 12. 0-0 Bxg5 13. Nxg5 Qe7 14. Rae1 Qf6 15. c3 Qf4 16. N3e4 b5 17. Bd3 0-0 18. g3 Qc7 19. f4 g6 20. Bc2 Na6 21. Bb3 Kg7 22. a3 c5 23. Kh2 c4 24. Bc2 b4 25. Nf3 bxa3 26. bxa3 Rab8 27. Ne5 Rb2 28. Rf2 Ba4 29. Qd1 Bxc2 30. Rxc2 Rxc2+ 31. Qxc2 f6 32. Ng5 fxg5 33. Qxg6+ Kh8 34. Qh6+ Kg8 35. Qxe6+ Kh7 36. Qg6+ Kh8 37. Qxh5+ Qh7 38. Ng6+ Kg7 39. Qxh7+ 1-0

[Event "HUN-chT2 Charousek 1718"]
[Site "Hungary"]
[Date "2018.01.28"]
[Round "5.8"]
[White "Buzas, Bertalan"]
[Black "Varga, Richard"]
[Result "1-0"]
[WhiteElo "2165"]
[BlackElo "2100"]
[PlyCount "115"]
[EventDate "2017.10.29"]
[EventType "team-tourn"]
[EventRounds "9"]
[EventCountry "HUN"]
[SourceTitle "EXT 2021"]
[Source "ChessBase"]
[SourceDate "2020.10.23"]
[SourceVersion "1"]
[SourceVersionDate "2020.10.23"]
[SourceQuality "1"]
[WhiteTeam "Tapolca Rockwool"]
[BlackTeam "Aquaprofit Nagykanizsa II"]
[WhiteTeamCountry "HUN"]
[BlackTeamCountry "HUN"]

1. d4 Nf6 2. c4 g6 3. Nc3 Bg7 4. e4 d6 5. Nf3 0-0 6. h3 e5 7. d5 a5 8. g4 Na6 9. Be3 Nc5 10. Nd2 Qe7 11. a3 Bd7 12. b3 Ne8 13. g5 f5 14. h4 f4 15. Bxc5 dxc5 16. Bh3 Nd6 17. Bxd7 Qxd7 18. f3 b6 19. Qe2 Rab8 20. Nb5 Ra8 21. Nb1 Rfe8 22. N1c3 Rad8 23. Qg2 Kf7 24. Ke2 Re7 25. Rh2 Nc8 26. Rd1 Nd6 27. h5 Ree8 28. Qh3 Qxh3 29. Rxh3 Rd7 30. Nxd6+ cxd6 31. Kf2 Rg8 32. Rg1 Bf8 33. h6 Be7 34. Rg4 Rf8 35. Rh1 Ra7 36. Rb1 Rfa8 37. Kg2 Ke8 38. Kh3 Kd7 39. Rg2 Bd8 40. Kg4 Ke7 41. Rgb2 Kd7 42. Kh4 Ke7 43. Nd1 Rb8 44. Nf2 Kf7 45. Ng4 Ra6 46. b4 axb4 47. axb4 cxb4 48. Rxb4 Ra3 49. c5 dxc5 50. Nxe5+ Kg8 51. R4b3 Rba8 52. Rxa3 Rxa3 53. Nc6 Bc7 54. e5 Rxf3 55. d6 Bxd6 56. exd6 Rd3 57. Rxb6 f3 58. Rb8+ 1-0

[Event "HUN-chT2 Charousek 1718"]
[Site "Hungary"]
[Date "2017.10.29"]
[Round "1.7"]
[White "Dobos, Jozsef"]
[Black "Buzas, Bertalan"]
[Result "1/2-1/2"]
[WhiteElo "2274"]
[BlackElo "2165"]
[PlyCount "43"]
[EventDate "2017.10.29"]
[EventType "team-tourn"]
[EventRounds "9"]
[EventCountry "HUN"]
[SourceTitle "EXT 2020"]
[Source "ChessBase"]
[SourceDate "2019.10.17"]
[SourceVersion "1"]
[SourceVersionDate "2019.10.17"]
[SourceQuality "1"]
[WhiteTeam "Csuti Hydro"]
[BlackTeam "Tapolca Rockwool"]
[WhiteTeamCountry "HUN"]
[BlackTeamCountry "HUN"]

1. e4 c6 2. d4 d5 3. e5 Bf5 4. Ne2 e6 5. Ng3 Bg6 6. h4 h5 7. Bd3 Bxd3 8. cxd3 g6 9. Ne2 Be7 10. g3 Nd7 11. Kf1 b6 12. Kg2 c5 13. Nbc3 a6 14. Re1 Kf8 15. Nf4 cxd4 16. Ncxd5 exd5 17. Qf3 Kg7 18. e6 Ndf6 19. exf7 Kxf7 20. Ne6 Qd7 21. Ng5+ Kg7 22. Ne6+ 1/2-1/2

[Event "EU-ch U16 26th"]
[Site "Prague"]
[Date "2016.08.19"]
[Round "2"]
[White "Buzas, Bertalan"]
[Black "Giannoulakis, Labros"]
[Result "1/2-1/2"]
[WhiteElo "2127"]
[BlackElo "2317"]
[PlyCount "80"]
[EventDate "2016.08.18"]
[EventType "swiss"]
[EventRounds "9"]
[EventCountry "CZE"]
[SourceTitle "CBM 174 Extra"]
[Source "ChessBase"]
[SourceDate "2016.10.10"]
[SourceVersion "1"]
[SourceVersionDate "2016.10.10"]
[SourceQuality "1"]

1. d4 Nf6 2. Nf3 g6 3. g3 Bg7 4. Bg2 0-0 5. 0-0 d6 6. b3 Nbd7 7. Bb2 c6 8. Nbd2 Qc7 9. e4 e5 10. dxe5 dxe5 11. Qe2 Re8 12. Rfd1 Bf8 13. a4 a5 14. Nc4 b5 15. axb5 cxb5 16. Ne3 Ba6 17. Nd5 Nxd5 18. exd5 Bd6 19. Ng5 Nc5 20. Qg4 h6 21. Ne4 Nxe4 22. Bxe4 Bc8 23. Qh4 h5 24. Qf6 Qd8 25. Qxd8 Rxd8 26. c4 Bd7 27. Rdc1 Rdc8 28. cxb5 Rxc1+ 29. Bxc1 Bxb5 30. Bd2 a4 31. bxa4 Rxa4 32. Rxa4 Bxa4 33. h4 f5 34. Bg2 e4 35. Bf4 Bc5 36. Bf1 Bd7 37. Bc4 Kf7 38. Kf1 Ke7 39. Bg5+ Ke8 40. Bf4 Ke7 1/2-1/2

[Event "HUN-ch U16"]
[Site "Balatonlelle"]
[Date "2016.06.28"]
[Round "7"]
[White "Buzas, Bertalan"]
[Black "Bohus, Adam"]
[Result "0-1"]
[WhiteElo "2083"]
[BlackElo "2200"]
[PlyCount "94"]
[EventDate "2016.06.24"]
[EventType "swiss"]
[EventRounds "9"]
[EventCountry "HUN"]
[SourceTitle "CBM 173 Extra"]
[Source "ChessBase"]
[SourceDate "2016.08.29"]
[SourceVersion "1"]
[SourceVersionDate "2016.08.29"]
[SourceQuality "1"]

1. Nf3 d5 2. g3 Nf6 3. Bg2 c6 4. b3 Bf5 5. Bb2 e6 6. 0-0 Be7 7. d3 h6 8. Nbd2 0-0 9. c4 a5 10. a3 Nbd7 11. Rc1 Re8 12. Rc2 Bd6 13. Qa1 e5 14. c5 Bc7 15. Nh4 Bh7 16. e4 dxe4 17. dxe4 Nxc5 18. Rxc5 Qxd2 19. Rd1 Qe2 20. Bf3 Qa6 21. Bxe5 Bxe5 22. Rxe5 Rxe5 23. Qxe5 Re8 24. Qc7 Bxe4 25. Bxe4 Nxe4 26. Rd8 Rxd8 27. Qxd8+ Kh7 28. Qe7 Nd2 29. Qe1 Qd3 30. Kh1 Qb1 31. Qxb1+ Nxb1 32. Nf5 Nxa3 33. Nd6 b6 34. Kg2 Kg6 35. Nc8 Nc2 36. Nxb6 Nd4 37. Nc4 Nxb3 38. Ne5+ Kf5 39. Nxc6 a4 40. Kf3 a3 41. Nb4 Nc1 42. Nc2 a2 43. Na1 Nd3 44. Ke3 Nc5 45. f3 Ke5 46. h4 Kd5 47. g4 Kc4 0-1

[Event "HUN-ch U16"]
[Site "Balatonlelle"]
[Date "2016.06.24"]
[Round "1"]
[White "Acs, Kristof"]
[Black "Buzas, Bertalan"]
[Result "0-1"]
[WhiteElo "1708"]
[BlackElo "2083"]
[PlyCount "90"]
[EventDate "2016.06.24"]
[EventType "swiss"]
[EventRounds "9"]
[EventCountry "HUN"]
[SourceTitle "CBM 173 Extra"]
[Source "ChessBase"]
[SourceDate "2016.08.29"]
[SourceVersion "1"]
[SourceVersionDate "2016.08.29"]
[SourceQuality "1"]

1. e4 e5 2. Nf3 Nc6 3. Bb5 a6 4. Bxc6 dxc6 5. Nc3 Bg4 6. d3 f6 7. 0-0 Ne7 8. h3 Be6 9. d4 Bc4 10. Re1 exd4 11. Qxd4 Qxd4 12. Nxd4 0-0-0 13. Be3 Ng6 14. Rad1 Bb4 15. a3 Bxc3 16. bxc3 Ne7 17. Bf4 c5 18. Nb3 Ng6 19. Bg3 b6 20. f4 Rxd1 21. Rxd1 Re8 22. Re1 Kd7 23. Kf2 Kc6 24. Nd2 Bf7 25. Nf3 Kb5 26. f5 Ne5 27. Nxe5 fxe5 28. Rb1+ Kc4 29. Rb3 a5 30. a4 Re7 31. Bh2 Be8 32. Ra3 c6 33. Ke2 b5 34. axb5 cxb5 35. Kd2 a4 36. g4 b4 37. cxb4 cxb4 38. Rd3 Bc6 39. Ke3 a3 40. Rd6 Kc5 41. Rd8 a2 42. Rd1 Kc4 43. Ra1 b3 44. cxb3+ Kxb3 45. Rd1 Ba4 0-1

[Event "HUN-chT2 Charousek 1516"]
[Site "Hungary"]
[Date "2016.03.20"]
[Round "7.6"]
[White "Marosi, Levente"]
[Black "Buzas, Bertalan"]
[Result "1-0"]
[WhiteElo "2239"]
[BlackElo "2018"]
[PlyCount "83"]
[EventDate "2015.10.18"]
[EventType "team-tourn"]
[EventRounds "9"]
[EventCountry "HUN"]
[SourceTitle "EXT 2017"]
[Source "ChessBase"]
[SourceDate "2016.10.25"]
[SourceVersion "1"]
[SourceVersionDate "2016.10.25"]
[SourceQuality "1"]
[WhiteTeam "Budapest MTK"]
[BlackTeam "Tapolca Rockwool"]
[WhiteTeamCountry "HUN"]
[BlackTeamCountry "HUN"]

1. e4 c6 2. Nc3 d5 3. Nf3 dxe4 4. Nxe4 Nf6 5. Qe2 Nxe4 6. Qxe4 Be6 7. b3 Bd5 8. Qe3 Nd7 9. c4 Bxf3 10. Qxf3 Nf6 11. Bb2 Qc7 12. Be2 0-0-0 13. Rd1 Kb8 14. 0-0 e6 15. d4 Bd6 16. h3 h5 17. Bc1 Rdg8 18. c5 Bh2+ 19. Kh1 Ng4 20. g3 g5 21. Kg2 f5 22. Rh1 h4 23. hxg4 hxg3 24. fxg3 Qh7 25. gxf5 Qh3+ 26. Kf2 exf5 27. Bxg5 Re8 28. Bf4+ Ka8 29. Bd3 Reg8 30. Ke2 Rh4 31. Kd2 Rxf4 32. Qxf4 Rxg3 33. Kc3 a5 34. Qf2 Rg2 35. Qxf5 Qe3 36. Qe4 Qf2 37. Qe8+ Ka7 38. Qe2 Qg3 39. Qe1 Qg4 40. Rd2 Be5 41. dxe5 Qb4+ 42. Kc2 1-0